Online Public Access Catalogue

Harrison's Principles of Internal Medicine (Record no. 129)

MARC details
000 -LEADER
fixed length control field 00481nam a2200181Ia 4500
020 ## - INTERNATIONAL STANDARD BOOK NUMBER
International Standard Book Number 0071133801
082 ## - DEWEY DECIMAL CLASSIFICATION NUMBER
Classification number 616
Author Mark HAR
100 ## - MAIN ENTRY--PERSONAL NAME
Author Name Isselbacher, Kurt j. (ed)
245 #0 - TITLE STATEMENT
Title Harrison's Principles of Internal Medicine
250 ## - EDITION STATEMENT
Edition statement 13th
260 ## - PUBLICATION, DISTRIBUTION, ETC.
Place of publication, distribution, etc. New York
Name of publisher, distributor, etc. McGraw-Hill
Date of publication, distribution, etc. 1994
300 ## - PHYSICAL DESCRIPTION
No of Pages xxix, 1143 p.
490 ## - Volume Statement
Volume Vol,1 & 2
500 ## - GENERAL NOTE
General note Vol,1 & 2
504 ## - BIBLIOGRAPHY, ETC. NOTE
Bibliography, Index, etc. note including index and bibliography
650 ## - SUBJECT ADDED ENTRY--TOPICAL TERM
Subject Internal Medicine.
Keywords Medicine
-- IMDC
942 ## - ADDED ENTRY ELEMENTS (KOHA)
Koha item type Books
Source of classification or shelving scheme
952 ## - LOCATION AND ITEM INFORMATION (KOHA)
-- 2022-09-19
Holdings
Item status Home library Current library Shelving location Date acquired Total Checkouts Full call number Barcode Date last seen Koha item type Date last checked out Source of acquisition
  Islamabad Medical and Dental College Islamabad Medical and Dental College Islamabad Medical and Dental College 16/03/2018   616 HAR 0129 16/03/2018 Books    
  Islamabad Medical and Dental College Islamabad Medical and Dental College Islamabad Medical and Dental College 16/03/2018 2 616 HAR 0130 05/03/2021 Books 22/02/2021  
  Islamabad Medical and Dental College Islamabad Medical and Dental College Islamabad Medical and Dental College 16/03/2018 1 616 HAR 0132 20/02/2020 Books 28/01/2020  
  Islamabad Medical and Dental College Islamabad Medical and Dental College   19/09/2022   616 HAR G-162 19/09/2022 Books   donated by Chairman

Copyright @ IMDC Library
Islamabad Medical and Dental College
Bhara Kahu, Islamabad

  Contact the Librarian, IMDC
  Email:: library@imdcollege.edu.pk

  OPAC Customized by
  Mazhar Hussain,
  Librarian:
  Islamabad Medical and Dental College
  Email:: library@imdcollege.edu.pk